01259nam a2200265 i 450000100060000000300090000600500170001500800410003202000190007308000360009224501960012824600790032426000710040330000300047461000720050470000360057670000420061270000410065470000370069571000700073285200290080294200230083199900170085495201220087167470ES-MaACL20251210193254.0040528s2004 sp a |||| | spa d a84-95846-79-02 a577.1/.2:061.22(460.27 M.)(091)00aCuarenta años de la Sociedad Española de Bioquímica y Biología Molecular (1963-2003) /cdirector, Emilio Muñoz ; editores, María Jesús Santesmases, Ana Romero y Jesús Ávila.3 a40 años de la Sociedad Española de Bioquímica y Biología Molecular aMadrid : bSociedad Estatal de Conmemoraciones Culturales, c2004. a362 p. : bil. ; c24 cm.24aSociedad Española de Bioquímica y Biología Molecular.91709271 aMuñoz, Emilio,d1937-91649111 aSantesmases, María Jesús.91033661 aRomero de Pablos, Ana,999372d1963-1 aÁvila de Grado, Jesús9240452 aSociedad Estatal de Conmemoraciones Culturales (España)9134893 aES-MaACLjL-27681969986 2udccMONOGRAFIAn0 c67470d67470 00104070aATENEOMbATENEOMcDEPO2d2008-01-17eSCl0oL-27681p1070651r2023-02-23 00:00:00w2023-02-23yMONOGRAFIA